Т. 3, № 29; Полупроводниковая светотехника

Bibliographic Details
Parent link:Полупроводниковая светотехника: научно-технический журнал. Т. 3, № 29.— , 2014.— 2079-9462
Summary:Режим доступа: по договору с организацией-держателем ресурса
Language:Russian
Published: 2014
Online Access:https://elibrary.ru/contents.asp?id=33965444
Format: Electronic Book
KOHA link:https://koha.lib.tpu.ru/cgi-bin/koha/opac-detail.pl?biblionumber=579793

MARC

LEADER 00000nam2a2200000 4500
001 579793
005 20231101130522.0
035 |a (RuTPU)RU\TPU\prd\279418 
035 |a RU\TPU\prd\279416 
090 |a 579793 
100 |a 20180702a20099999k y0rusy50 ca 
101 0 |a rus 
102 |a RU 
181 0 |a i  
182 0 |a b 
200 0 |a Т. 3, № 29  |b Электронный ресурс 
203 |a Текст  |c электронный 
210 |d 2014 
333 |a Режим доступа: по договору с организацией-держателем ресурса 
461 1 |0 (RuTPU)RU\TPU\prd\279415  |x 2079-9462  |t Полупроводниковая светотехника  |o научно-технический журнал  |v Т. 3, № 29  |d 2014 
801 0 |a RU  |b 63413507  |c 20010227  |g PSBO 
801 1 |a RU  |b 63413507  |c 20160324 
801 2 |a RU  |b 63413507  |c 20180702  |g RCR 
856 4 0 |u https://elibrary.ru/contents.asp?id=33965444 
942 |c BK